[Event "Team men PL final"]
[Site "Sochi"]
[Date "2018.05.01"]
[Round "1.17"]
[White "Hasangatin, Ramil"]
[Black "Triapishko, Alexandr"]
[Result "1/2-1/2"]
[BlackElo "2510"]
[WhiteElo "2502"]
[LiveChessVersion "1.4.8"]

1. d4 {[%clk 1:30:54]} d5 {[%clk 1:30:51]} 2. Bf4 {[%clk 1:30:50]} c5
{[%clk 1:30:34]} 3. e3 {[%clk 1:29:54]} Nc6 {[%clk 1:30:45]} 4. c3
{[%clk 1:29:38]} Qb6 {[%clk 1:30:12]} 5. Qb3 {[%clk 1:20:05]} c4 {[%clk 1:26:55]}
6. Qc2 {[%clk 1:20:27]} e5 {[%clk 1:27:14]} 7. Bxe5 {[%clk 1:04:02]} Bf5
{[%clk 1:17:49]} 8. Qc1 {[%clk 1:03:27]} Nxe5 {[%clk 1:17:57]} 9. dxe5
{[%clk 1:03:51]} f6 {[%clk 1:16:27]} 10. e6 {[%clk 1:02:29]} Bc5 {[%clk 1:01:50]}
11. Nf3 {[%clk 0:46:06]} Ne7 {[%clk 0:59:30]} 12. Nd4 {[%clk 0:37:58]} Bxd4
{[%clk 0:53:15]} 13. cxd4 {[%clk 0:38:21]} Nc6 {[%clk 0:43:02]} 14. Be2
{[%clk 0:35:59]} Nb4 {[%clk 0:30:44]} 15. O-O {[%clk 0:35:39]} Qxe6
{[%clk 0:29:56]} 16. Nc3 {[%clk 0:34:22]} O-O {[%clk 0:29:02]} 17. Qd2
{[%clk 0:29:42]} Bd3 {[%clk 0:21:04]} 18. a3 {[%clk 0:26:18]} Bxe2
{[%clk 0:18:49]} 19. Qxe2 {[%clk 0:26:47]} Nd3 {[%clk 0:18:56]} 20. b3
{[%clk 0:27:05]} Rad8 {[%clk 0:16:08]} 21. Rfd1 {[%clk 0:21:39]} f5
{[%clk 0:11:19]} 22. Nxd5 {[%clk 0:18:39]} Rxd5 {[%clk 0:10:52]} 23. bxc4
{[%clk 0:16:45]} Rxd4 {[%clk 0:11:14]} 24. Rxd3 {[%clk 0:17:09]} Rxc4
{[%clk 0:11:27]} 25. Rad1 {[%clk 0:15:40]} Rc7 {[%clk 0:09:42]} 26. Rd6
{[%clk 0:12:45]} Qc4 {[%clk 0:07:55]} 27. Qxc4+ {[%clk 0:03:39]} Rxc4
{[%clk 0:08:20]} 28. Rd7 {[%clk 0:04:02]} Rf7 {[%clk 0:07:23]} 29. Rd8+
{[%clk 0:03:06]} Rf8 {[%clk 0:07:50]} 30. R8d7 {[%clk 0:02:58]} Rf7
{[%clk 0:07:54]} 31. g3 {[%clk 0:01:23]} Rc7 {[%clk 0:06:19]} 32. Rd8+
{[%clk 0:01:38]} Rf8 {[%clk 0:06:47]} 33. R1d7 {[%clk 0:01:42]} Rxd7
{[%clk 0:06:35]} 34. Rxd7 {[%clk 0:02:10]} Rf7 {[%clk 0:06:43]} 35. Rd8+
{[%clk 0:02:16]} Rf8 {[%clk 0:07:09]} 36. Rd7 {[%clk 0:02:23]} Rf7
{[%clk 0:07:26]} 37. Rd8+ {[%clk 0:02:33]} Rf8 {[%clk 0:07:52]} 38. Rd7
{[%clk 0:03:00]} Rf7 {[%clk 0:08:18]} 39. Rd8+ {[%clk 0:02:46]} Rf8
{[%clk 0:07:47]} 40. Rd7 {[%clk 0:33:15]} Rf7 {[%clk 0:38:12]} 1/2-1/2

[Event "Team men PL final"]
[Site "Sochi"]
[Date "2018.05.01"]
[Round "1.18"]
[White "Chernobay, Artem"]
[Black "Faizrakhmanov, Ramil"]
[Result "1-0"]
[BlackElo "2419"]
[WhiteElo "2510"]
[LiveChessVersion "1.4.8"]

1. d4 {[%clk 1:30:57]} Nf6 {[%clk 1:30:00]} 2. Nf3 {[%clk 1:31:15]} e6
{[%clk 1:29:00]} 3. Bf4 {[%clk 1:31:15]} c5 {[%clk 1:26:57]} 4. e3
{[%clk 1:31:19]} b6 {[%clk 1:25:32]} 5. Nbd2 {[%clk 1:25:24]} Bb7
{[%clk 1:23:01]} 6. c3 {[%clk 1:23:53]} Be7 {[%clk 1:21:49]} 7. h3
{[%clk 1:22:39]} O-O {[%clk 1:20:16]} 8. Bd3 {[%clk 1:22:09]} cxd4
{[%clk 1:19:25]} 9. exd4 {[%clk 1:22:03]} d6 {[%clk 1:18:12]} 10. Qe2
{[%clk 1:20:08]} Nbd7 {[%clk 1:15:47]} 11. O-O {[%clk 1:17:32]} Re8
{[%clk 1:13:51]} 12. Nc4 {[%clk 1:04:33]} Nf8 {[%clk 1:07:00]} 13. a4
{[%clk 1:02:41]} Ng6 {[%clk 1:03:13]} 14. Bh2 {[%clk 1:02:51]} Nd5
{[%clk 1:00:41]} 15. Qd2 {[%clk 0:58:21]} a6 {[%clk 0:57:58]} 16. Rfe1
{[%clk 0:51:31]} Rc8 {[%clk 0:52:00]} 17. Na3 {[%clk 0:48:42]} Qd7
{[%clk 0:43:21]} 18. Nc2 {[%clk 0:46:50]} b5 {[%clk 0:37:55]} 19. axb5
{[%clk 0:32:53]} axb5 {[%clk 0:38:15]} 20. Ra5 {[%clk 0:29:14]} Bc6
{[%clk 0:36:46]} 21. Rea1 {[%clk 0:29:03]} Rb8 {[%clk 0:27:11]} 22. Nfe1
{[%clk 0:24:17]} Rb7 {[%clk 0:24:43]} 23. Be4 {[%clk 0:22:07]} h6
{[%clk 0:20:31]} 24. Ra6 {[%clk 0:16:53]} Nb6 {[%clk 0:16:40]} 25. Bxg6
{[%clk 0:14:53]} fxg6 {[%clk 0:17:04]} 26. Nb4 {[%clk 0:15:20]} Bd5
{[%clk 0:14:57]} 27. Nxd5 {[%clk 0:15:04]} exd5 {[%clk 0:12:33]} 28. Qd3
{[%clk 0:14:05]} Kh7 {[%clk 0:12:37]} 29. Nc2 {[%clk 0:13:24]} Bg5
{[%clk 0:10:58]} 30. Nb4 {[%clk 0:11:33]} Qe6 {[%clk 0:10:29]} 31. Bg3
{[%clk 0:10:43]} Qd7 {[%clk 0:02:44]} 32. h4 {[%clk 0:10:42]} Bd8
{[%clk 0:02:43]} 33. h5 {[%clk 0:11:02]} Re6 {[%clk 0:02:54]} 34. hxg6+
{[%clk 0:09:49]} Rxg6 {[%clk 0:03:07]} 35. Rxb6 {[%clk 0:09:05]} Bxb6
{[%clk 0:01:21]} 36. Nxd5 {[%clk 0:09:32]} Qf7 {[%clk 0:00:47]} 37. Nf4
{[%clk 0:09:50]} d5 {[%clk 0:00:56]} 38. Ra8 {[%clk 0:08:06]} Ra7
{[%clk 0:00:31]} 39. Nxg6 {[%clk 0:08:13]} Rxa8 {[%clk 0:00:39]} 40. Ne5+
{[%clk 0:38:39]} 1-0

[Event "Team men PL final"]
[Site "Sochi"]
[Date "2018.05.01"]
[Round "1.19"]
[White "Shinkevich, Vitaly"]
[Black "Potkin, Vladimir"]
[Result "0-1"]
[BlackElo "2574"]
[WhiteElo "2433"]
[LiveChessVersion "1.4.8"]

1. d4 {[%clk 1:30:56]} Nf6 {[%clk 1:30:52]} 2. Nf3 {[%clk 1:31:09]} d5
{[%clk 1:31:15]} 3. c4 {[%clk 1:31:32]} e6 {[%clk 1:31:33]} 4. Nc3
{[%clk 1:31:12]} c6 {[%clk 1:31:56]} 5. g3 {[%clk 1:26:47]} dxc4 {[%clk 1:31:28]}
6. Ne5 {[%clk 1:26:53]} Nbd7 {[%clk 1:30:58]} 7. Nxc4 {[%clk 1:27:05]} b5
{[%clk 1:31:14]} 8. Ne3 {[%clk 1:27:19]} Bb7 {[%clk 1:30:00]} 9. Bg2
{[%clk 1:27:38]} Qb6 {[%clk 1:26:05]} 10. O-O {[%clk 1:27:23]} Be7
{[%clk 1:23:49]} 11. b3 {[%clk 1:24:11]} O-O {[%clk 1:22:19]} 12. Bb2
{[%clk 1:24:34]} Rfd8 {[%clk 1:21:43]} 13. Qc2 {[%clk 1:20:52]} Rac8
{[%clk 1:21:35]} 14. Rad1 {[%clk 1:08:50]} Nd5 {[%clk 1:07:09]} 15. Ng4
{[%clk 0:33:52]} h5 {[%clk 0:59:24]} 16. Ne5 {[%clk 0:33:10]} Nxe5
{[%clk 0:59:11]} 17. dxe5 {[%clk 0:33:31]} Nxc3 {[%clk 0:45:33]} 18. Bxc3
{[%clk 0:32:55]} c5 {[%clk 0:45:49]} 19. Ba5 {[%clk 0:29:28]} Qxa5
{[%clk 0:46:05]} 20. Bxb7 {[%clk 0:29:52]} Rb8 {[%clk 0:45:43]} 21. Be4
{[%clk 0:08:46]} Qb4 {[%clk 0:41:42]} 22. Bh7+ {[%clk 0:05:26]} Kf8
{[%clk 0:40:11]} 23. Bd3 {[%clk 0:04:15]} Rd5 {[%clk 0:19:21]} 24. f4
{[%clk 0:03:30]} Rbd8 {[%clk 0:16:54]} 25. Rc1 {[%clk 0:02:40]} g6
{[%clk 0:14:41]} 26. Kg2 {[%clk 0:01:58]} Kg7 {[%clk 0:12:01]} 27. a3
{[%clk 0:01:27]} Qa5 {[%clk 0:11:46]} 28. Ra1 {[%clk 0:00:40]} Rd4
{[%clk 0:11:12]} 29. Rfc1 {[%clk 0:00:36]} c4 {[%clk 0:10:33]} 30. bxc4
{[%clk 0:01:00]} bxc4 {[%clk 0:11:01]} 31. Be4 {[%clk 0:00:37]} Rd2
{[%clk 0:09:47]} 32. Qxc4 {[%clk 0:01:05]} R8d4 {[%clk 0:09:59]} 33. Qc7
{[%clk 0:00:39]} Rxe2+ {[%clk 0:09:08]} 34. Kh3 {[%clk 0:00:34]} Rdd2
{[%clk 0:07:37]} 0-1

[Event "Team men PL final"]
[Site "Sochi"]
[Date "2018.05.01"]
[Round "1.20"]
[White "Paravyan, David"]
[Black "Palachev, Petr"]
[Result "1-0"]
[BlackElo "2402"]
[WhiteElo "2620"]
[LiveChessVersion "1.4.8"]

1. e4 {[%clk 1:30:58]} c5 {[%clk 1:30:51]} 2. Nf3 {[%clk 1:31:25]} Nc6
{[%clk 1:31:08]} 3. Bb5 {[%clk 1:31:49]} g6 {[%clk 1:31:33]} 4. Bxc6
{[%clk 1:32:15]} bxc6 {[%clk 1:31:58]} 5. d4 {[%clk 1:32:42]} Bg7
{[%clk 1:32:18]} 6. dxc5 {[%clk 1:32:30]} Qa5+ {[%clk 1:32:42]} 7. Nbd2
{[%clk 1:32:44]} Nf6 {[%clk 1:19:49]} 8. O-O {[%clk 1:32:40]} Qxc5
{[%clk 1:20:13]} 9. Nb3 {[%clk 1:33:05]} Qh5 {[%clk 1:16:35]} 10. Re1
{[%clk 1:32:03]} O-O {[%clk 1:14:58]} 11. e5 {[%clk 1:08:59]} Ng4
{[%clk 1:03:12]} 12. Bf4 {[%clk 1:09:20]} f6 {[%clk 1:01:56]} 13. exf6
{[%clk 0:59:43]} Rxf6 {[%clk 0:42:49]} 14. Bg3 {[%clk 0:59:05]} Rf7
{[%clk 0:42:27]} 15. h3 {[%clk 0:55:11]} Nh6 {[%clk 0:41:05]} 16. Be5
{[%clk 0:54:30]} d6 {[%clk 0:32:23]} 17. Bxg7 {[%clk 0:54:52]} Rxg7
{[%clk 0:32:50]} 18. Re4 {[%clk 0:37:31]} g5 {[%clk 0:26:55]} 19. Qe2
{[%clk 0:37:24]} g4 {[%clk 0:12:29]} 20. Nfd4 {[%clk 0:37:46]} Qg5
{[%clk 0:09:58]} 21. h4 {[%clk 0:34:15]} Qxh4 {[%clk 0:06:00]} 22. Qc4+
{[%clk 0:34:35]} Rf7 {[%clk 0:06:13]} 23. g3 {[%clk 0:31:55]} Qf6
{[%clk 0:02:34]} 24. Rf4 {[%clk 0:32:20]} Bf5 {[%clk 0:02:38]} 25. Nxf5
{[%clk 0:26:12]} Nxf5 {[%clk 0:03:03]} 26. Nd4 {[%clk 0:26:24]} d5
{[%clk 0:02:42]} 27. Qa4 {[%clk 0:26:32]} Qg6 {[%clk 0:00:44]} 28. Nxc6
{[%clk 0:25:51]} Qd6 {[%clk 0:00:33]} 29. Rxf5 {[%clk 0:25:04]} Rxf5
{[%clk 0:00:37]} 30. Qxg4+ {[%clk 0:25:30]} Kh8 {[%clk 0:00:47]} 31. Qxf5
{[%clk 0:25:55]} Qxc6 {[%clk 0:01:13]} 32. Re1 {[%clk 0:25:50]} Rg8
{[%clk 0:00:35]} 33. Re6 {[%clk 0:20:40]} Qd7 {[%clk 0:00:34]} 34. c3
{[%clk 0:19:18]} a5 {[%clk 0:00:45]} 35. Qe5+ {[%clk 0:19:28]} Rg7
{[%clk 0:01:07]} 36. Rb6 {[%clk 0:19:42]} Kg8 {[%clk 0:01:00]} 37. Qb8+
{[%clk 0:20:05]} 1-0

[Event "Team men PL final"]
[Site "Sochi"]
[Date "2018.05.01"]
[Round "1.21"]
[White "Skatchkov, Valery"]
[Black "Stupak, Kirill"]
[Result "1/2-1/2"]
[BlackElo "2556"]
[WhiteElo "2338"]
[LiveChessVersion "1.4.8"]

1. d4 {[%clk 1:30:59]} d6 {[%clk 1:30:44]} 2. Nf3 {[%clk 1:30:53]} Bg4
{[%clk 1:31:09]} 3. c4 {[%clk 1:30:22]} Nd7 {[%clk 1:30:44]} 4. Nc3
{[%clk 1:30:00]} Ngf6 {[%clk 1:30:34]} 5. g3 {[%clk 1:29:58]} e5 {[%clk 1:29:32]}
6. Bg2 {[%clk 1:29:47]} c6 {[%clk 1:29:06]} 7. O-O {[%clk 1:22:28]} Be7
{[%clk 1:28:40]} 8. dxe5 {[%clk 1:16:20]} dxe5 {[%clk 1:27:46]} 9. Qc2
{[%clk 1:16:32]} O-O {[%clk 1:26:29]} 10. b3 {[%clk 1:15:23]} Re8
{[%clk 1:25:19]} 11. Bb2 {[%clk 1:15:09]} Qc7 {[%clk 1:23:20]} 12. Rad1
{[%clk 1:13:58]} Nc5 {[%clk 1:15:23]} 13. Ng5 {[%clk 1:10:33]} a5
{[%clk 1:11:55]} 14. Nce4 {[%clk 0:37:22]} Nfxe4 {[%clk 1:07:16]} 15. Nxe4
{[%clk 0:37:39]} Ne6 {[%clk 1:06:06]} 16. c5 {[%clk 0:36:51]} Bf5
{[%clk 0:44:25]} 17. Nf6+ {[%clk 0:36:51]} Bxf6 {[%clk 0:44:44]} 18. Qxf5
{[%clk 0:37:16]} Qe7 {[%clk 0:45:10]} 19. Bxe5 {[%clk 0:37:29]} Qxc5
{[%clk 0:35:38]} 20. Be4 {[%clk 0:37:54]} Ng5 {[%clk 0:36:06]} 21. Bxf6
{[%clk 0:37:26]} Nxe4 {[%clk 0:36:31]} 22. Qxc5 {[%clk 0:37:37]} Nxc5
{[%clk 0:37:00]} 23. Bd4 {[%clk 0:37:55]} Na6 {[%clk 0:37:11]} 24. Rfe1
{[%clk 0:36:16]} a4 {[%clk 0:34:49]} 25. Bb6 {[%clk 0:31:22]} Nb4
{[%clk 0:30:44]} 26. Rd7 {[%clk 0:30:44]} a3 {[%clk 0:29:48]} 27. Rxb7
{[%clk 0:30:56]} Nxa2 {[%clk 0:25:09]} 28. Bd4 {[%clk 0:31:22]} c5
{[%clk 0:07:13]} 29. Ra1 {[%clk 0:31:21]} Rxe2 {[%clk 0:03:15]} 30. Bxc5
{[%clk 0:31:38]} h5 {[%clk 0:02:35]} 31. Ra7 {[%clk 0:31:01]} Rxa7
{[%clk 0:02:35]} 32. Bxa7 {[%clk 0:31:28]} Rc2 {[%clk 0:02:34]} 33. Bc5
{[%clk 0:31:53]} Nc1 {[%clk 0:01:52]} 34. Bxa3 {[%clk 0:32:04]} Nxb3
{[%clk 0:02:16]} 35. Rd1 {[%clk 0:32:01]} Nd2 {[%clk 0:02:16]} 36. Bc1
{[%clk 0:32:16]} Nc4 {[%clk 0:02:02]} 37. Bf4 {[%clk 0:32:17]} f6
{[%clk 0:02:27]} 38. h4 {[%clk 0:32:42]} Kf7 {[%clk 0:02:06]} 39. Rc1
{[%clk 0:32:50]} Rxc1+ {[%clk 0:02:24]} 40. Bxc1 {[%clk 1:03:17]} Ke6
{[%clk 0:32:52]} 41. Kg2 {[%clk 1:03:32]} Kf5 {[%clk 0:33:09]} 42. f3
{[%clk 1:03:24]} Ke5 {[%clk 0:33:09]} 43. Bf4+ {[%clk 1:03:45]} Kd4
{[%clk 0:33:34]} 44. g4 {[%clk 1:03:06]} g6 {[%clk 0:32:51]} 45. Bh6
{[%clk 1:03:17]} Ne3+ {[%clk 0:31:40]} 46. Kg3 {[%clk 1:03:15]} Nd5
{[%clk 0:31:55]} 47. Bg7 {[%clk 1:03:22]} Ke3 {[%clk 0:32:05]} 48. Bh6+
{[%clk 1:03:35]} Ke2 {[%clk 0:32:01]} 49. Bg7 {[%clk 1:04:02]} Ke3
{[%clk 0:30:27]} 50. Bh6+ {[%clk 1:04:18]} Ke2 {[%clk 0:27:57]} 51. Bg7
{[%clk 1:02:38]} f5 {[%clk 0:28:12]} 52. gxf5 {[%clk 1:02:46]} gxf5
{[%clk 0:28:40]} 53. Bh6 {[%clk 1:03:04]} Kd3 {[%clk 0:29:00]} 54. Bc1
{[%clk 1:03:25]} Kd4 {[%clk 0:29:01]} 55. Bb2+ {[%clk 1:03:47]} Kc5
{[%clk 0:29:30]} 56. Be5 {[%clk 1:04:02]} Kc4 {[%clk 0:29:26]} 57. Bf4
{[%clk 1:04:25]} Kd4 {[%clk 0:29:34]} 58. Bc1 {[%clk 1:04:22]} Ke5
{[%clk 0:29:59]} 59. Bb2+ {[%clk 1:04:49]} Ke6 {[%clk 0:30:28]} 60. Bc1
{[%clk 1:05:13]} Nc3 {[%clk 0:30:57]} 61. Bd2 {[%clk 1:05:15]} Nd5
{[%clk 0:29:53]} 62. Bc1 {[%clk 1:05:38]} Nb4 {[%clk 0:29:49]} 63. Bd2
{[%clk 1:05:43]} Nd3 {[%clk 0:30:17]} 64. Bh6 {[%clk 1:06:04]} Kd5
{[%clk 0:30:20]} 65. Bd2 {[%clk 1:06:28]} Kc4 {[%clk 0:30:10]} 66. Bg5
{[%clk 1:06:52]} Kd4 {[%clk 0:30:32]} 67. Bh6 {[%clk 1:07:17]} Kc5
{[%clk 0:30:29]} 68. Be3+ {[%clk 1:07:39]} Kd5 {[%clk 0:30:50]} 69. Bd2
{[%clk 1:08:01]} Kd4 {[%clk 0:30:58]} 70. Bh6 {[%clk 1:08:26]} Kc3
{[%clk 0:31:26]} 71. Bf4 {[%clk 1:08:47]} Kc2 {[%clk 0:31:46]} 72. Bg5
{[%clk 1:09:09]} Kd1 {[%clk 0:32:10]} 73. Bh6 {[%clk 1:09:32]} Ke2
{[%clk 0:30:52]} 74. Bg5 {[%clk 1:09:50]} Kd1 {[%clk 0:30:56]} 75. Be3
{[%clk 1:10:11]} Kc2 {[%clk 0:31:04]} 76. Bg5 {[%clk 1:10:32]} Kc3
{[%clk 0:31:31]} 77. Bh6 {[%clk 1:10:56]} Kd4 {[%clk 0:31:57]} 78. Bd2
{[%clk 1:11:18]} Kd5 {[%clk 0:31:44]} 79. Bh6 {[%clk 1:11:41]} Ke6
{[%clk 0:32:05]} 80. Bd2 {[%clk 1:12:06]} 1/2-1/2

[Event "Team men PL final"]
[Site "Sochi"]
[Date "2018.05.01"]
[Round "1.22"]
[White "Yuffa, Daniil"]
[Black "Natacheev, Peter"]
[Result "1-0"]
[BlackElo "2243"]
[WhiteElo "2566"]
[LiveChessVersion "1.4.8"]

1. d4 {[%clk 1:30:41]} d5 {[%clk 1:30:52]} 2. c4 {[%clk 1:31:03]} c6
{[%clk 1:30:58]} 3. Nc3 {[%clk 1:31:11]} Nf6 {[%clk 1:30:48]} 4. Nf3
{[%clk 1:31:34]} e6 {[%clk 1:29:19]} 5. e3 {[%clk 1:28:52]} Nbd7 {[%clk 1:23:50]}
6. Qc2 {[%clk 1:28:56]} c5 {[%clk 1:21:36]} 7. cxd5 {[%clk 1:26:15]} exd5
{[%clk 1:21:49]} 8. Be2 {[%clk 1:24:18]} Be7 {[%clk 1:21:49]} 9. O-O
{[%clk 1:24:28]} O-O {[%clk 1:21:32]} 10. Rd1 {[%clk 1:17:40]} c4
{[%clk 1:17:17]} 11. b3 {[%clk 1:03:32]} cxb3 {[%clk 1:15:50]} 12. Qxb3
{[%clk 1:01:31]} Nb6 {[%clk 1:15:21]} 13. a4 {[%clk 0:57:36]} a5 {[%clk 1:10:29]}
14. Rb1 {[%clk 0:45:41]} Bb4 {[%clk 1:08:14]} 15. Ba3 {[%clk 0:45:58]} Bf5
{[%clk 1:06:28]} 16. Bd3 {[%clk 0:46:19]} Bxd3 {[%clk 1:05:57]} 17. Rxd3
{[%clk 0:46:44]} Bxa3 {[%clk 1:05:55]} 18. Qxa3 {[%clk 0:41:45]} Nc4
{[%clk 1:04:56]} 19. Qa2 {[%clk 0:38:45]} b6 {[%clk 1:00:27]} 20. Nxd5
{[%clk 0:23:03]} Qxd5 {[%clk 0:47:54]} 21. Rb5 {[%clk 0:23:22]} Qe6
{[%clk 0:42:58]} 22. d5 {[%clk 0:23:31]} Qf5 {[%clk 0:33:37]} 23. Qxc4
{[%clk 0:22:45]} Rac8 {[%clk 0:33:48]} 24. Qb3 {[%clk 0:19:56]} Ne4
{[%clk 0:34:06]} 25. d6 {[%clk 0:15:22]} Qf6 {[%clk 0:33:50]} 26. Qa3
{[%clk 0:14:26]} Nxd6 {[%clk 0:31:26]} 27. Rxb6 {[%clk 0:12:00]} Nc4
{[%clk 0:25:09]} 28. Qxf8+ {[%clk 0:11:42]} Kxf8 {[%clk 0:25:38]} 29. Rxf6
{[%clk 0:12:07]} Nb2 {[%clk 0:25:43]} 30. g3 {[%clk 0:09:19]} Nxd3
{[%clk 0:25:17]} 31. Rd6 {[%clk 0:08:14]} Rc1+ {[%clk 0:23:40]} 32. Kg2
{[%clk 0:08:40]} Nc5 {[%clk 0:24:01]} 33. Rc6 {[%clk 0:05:45]} Rc3
{[%clk 0:23:58]} 34. Rc8+ {[%clk 0:06:09]} Ke7 {[%clk 0:24:26]} 35. Rc7+
{[%clk 0:06:20]} Kf6 {[%clk 0:24:29]} 36. Ra7 {[%clk 0:03:55]} Nxa4
{[%clk 0:24:21]} 37. Rxa5 {[%clk 0:04:17]} Nc5 {[%clk 0:24:28]} 38. Nd4
{[%clk 0:04:25]} g6 {[%clk 0:22:34]} 39. g4 {[%clk 0:04:19]} h6 {[%clk 0:21:02]}
40. h4 {[%clk 0:34:30]} Rc4 {[%clk 0:50:56]} 41. f3 {[%clk 0:30:13]} Rc3
{[%clk 0:48:43]} 42. Kf2 {[%clk 0:25:28]} Kg7 {[%clk 0:42:42]} 43. Rb5
{[%clk 0:24:26]} Nd7 {[%clk 0:40:47]} 44. h5 {[%clk 0:24:26]} Nf6
{[%clk 0:40:08]} 45. hxg6 {[%clk 0:24:35]} Kxg6 {[%clk 0:40:30]} 46. Rb6
{[%clk 0:23:58]} Rc5 {[%clk 0:40:02]} 47. f4 {[%clk 0:23:15]} Ra5
{[%clk 0:36:38]} 48. Kf3 {[%clk 0:22:53]} Ra3 {[%clk 0:35:52]} 49. Nf5
{[%clk 0:22:22]} Rd3 {[%clk 0:31:27]} 50. Nxh6 {[%clk 0:22:41]} Kxh6
{[%clk 0:31:10]} 51. Rxf6+ {[%clk 0:23:05]} Kg7 {[%clk 0:31:37]} 52. g5
{[%clk 0:23:10]} Ra3 {[%clk 0:31:57]} 53. Rb6 {[%clk 0:23:31]} Ra1
{[%clk 0:32:09]} 54. e4 {[%clk 0:22:49]} Rg1 {[%clk 0:31:23]} 55. e5
{[%clk 0:23:00]} Re1 {[%clk 0:31:42]} 56. Kg4 {[%clk 0:23:23]} Re4
{[%clk 0:31:57]} 57. Kf5 {[%clk 0:23:39]} Ra4 {[%clk 0:31:54]} 58. g6
{[%clk 0:24:02]} 1-0

[Event "Team men PL final"]
[Site "Sochi"]
[Date "2018.05.01"]
[Round "1.23"]
[White "Pogorelskikh, Sergey"]
[Black "Antipov, Mikhail Al."]
[Result "0-1"]
[BlackElo "2597"]
[WhiteElo "2142"]
[LiveChessVersion "1.4.8"]

1. e4 {[%clk 1:30:56]} c5 {[%clk 1:30:55]} 2. Nf3 {[%clk 1:31:21]} e6
{[%clk 1:31:19]} 3. d4 {[%clk 1:31:47]} cxd4 {[%clk 1:31:42]} 4. Nxd4
{[%clk 1:32:13]} Nc6 {[%clk 1:32:08]} 5. Nc3 {[%clk 1:32:11]} Qc7
{[%clk 1:32:31]} 6. Be3 {[%clk 1:32:09]} a6 {[%clk 1:32:54]} 7. Qf3
{[%clk 1:32:09]} h5 {[%clk 1:27:52]} 8. O-O-O {[%clk 1:24:34]} Ne5
{[%clk 1:26:47]} 9. Qe2 {[%clk 1:20:10]} Ng4 {[%clk 1:07:33]} 10. Bg5
{[%clk 1:14:44]} Bb4 {[%clk 0:36:31]} 11. h3 {[%clk 0:56:27]} N4f6
{[%clk 0:33:43]} 12. Bd2 {[%clk 0:50:06]} Bxc3 {[%clk 0:32:53]} 13. bxc3
{[%clk 0:50:20]} b5 {[%clk 0:32:14]} 14. f3 {[%clk 0:45:58]} Ne7 {[%clk 0:30:21]}
15. c4 {[%clk 0:43:44]} e5 {[%clk 0:26:53]} 16. Nb3 {[%clk 0:43:35]} Nc6
{[%clk 0:19:39]} 17. Bc3 {[%clk 0:36:50]} d6 {[%clk 0:17:26]} 18. Qd2
{[%clk 0:35:49]} Ke7 {[%clk 0:14:12]} 19. Qe3 {[%clk 0:29:14]} Be6
{[%clk 0:12:43]} 20. c5 {[%clk 0:27:50]} d5 {[%clk 0:12:56]} 21. Qg5
{[%clk 0:27:39]} d4 {[%clk 0:12:10]} 22. Bb2 {[%clk 0:27:07]} h4 {[%clk 0:08:33]}
23. Be2 {[%clk 0:26:58]} Kf8 {[%clk 0:06:56]} 24. c3 {[%clk 0:23:18]} dxc3
{[%clk 0:06:27]} 25. Bxc3 {[%clk 0:23:41]} b4 {[%clk 0:06:53]} 26. Bb2
{[%clk 0:21:57]} a5 {[%clk 0:07:17]} 27. Kb1 {[%clk 0:18:28]} a4 {[%clk 0:07:12]}
28. Nd2 {[%clk 0:18:26]} a3 {[%clk 0:04:31]} 29. Ba1 {[%clk 0:17:20]} Nd4
{[%clk 0:04:41]} 30. Bxd4 {[%clk 0:16:47]} exd4 {[%clk 0:01:27]} 31. Nb3
{[%clk 0:16:16]} Rh5 {[%clk 0:01:52]} 32. Qd2 {[%clk 0:16:17]} Bxb3
{[%clk 0:02:17]} 33. axb3 {[%clk 0:16:39]} Rxc5 {[%clk 0:02:43]} 34. Bc4
{[%clk 0:16:28]} Rd8 {[%clk 0:01:41]} 35. Rc1 {[%clk 0:15:59]} d3
{[%clk 0:01:05]} 36. Rhd1 {[%clk 0:13:19]} Qe5 {[%clk 0:00:55]} 37. Ka2
{[%clk 0:10:32]} Nh5 {[%clk 0:01:17]} 38. Rb1 {[%clk 0:10:46]} Nf4
{[%clk 0:01:32]} 39. Qxb4 {[%clk 0:10:49]} Rb8 {[%clk 0:00:41]} 40. Qd2
{[%clk 0:40:43]} Ne2 {[%clk 0:31:03]} 41. Rdc1 {[%clk 0:38:01]} Nxc1+
{[%clk 0:31:21]} 42. Rxc1 {[%clk 0:38:11]} Qd4 {[%clk 0:30:25]} 43. Rc3
{[%clk 0:36:51]} Qf6 {[%clk 0:24:19]} 44. f4 {[%clk 0:31:34]} Rcc8
{[%clk 0:08:49]} 45. e5 {[%clk 0:30:55]} Qb6 {[%clk 0:09:14]} 46. Qxd3
{[%clk 0:25:19]} Rd8 {[%clk 0:09:58]} 47. Qe2 {[%clk 0:24:55]} Rd4
{[%clk 0:07:28]} 48. f5 {[%clk 0:19:21]} Rf4 {[%clk 0:04:21]} 49. Rc2
{[%clk 0:17:56]} Rxf5 {[%clk 0:04:01]} 50. e6 {[%clk 0:16:26]} Re8
{[%clk 0:03:16]} 51. Qe1 {[%clk 0:07:03]} fxe6 {[%clk 0:02:32]} 52. Qxh4
{[%clk 0:07:09]} Qe3 {[%clk 0:02:11]} 53. g4 {[%clk 0:05:23]} Rc5
{[%clk 0:00:34]} 54. Rf2+ {[%clk 0:02:29]} Kg8 {[%clk 0:00:55]} 55. Re2
{[%clk 0:02:48]} Qd4 {[%clk 0:01:02]} 56. Qe1 {[%clk 0:01:47]} Rxc4
{[%clk 0:01:24]} 57. bxc4 {[%clk 0:02:11]} Qxc4+ {[%clk 0:01:43]} 0-1

[Event "Team men PL final"]
[Site "Sochi"]
[Date "2018.05.01"]
[Round "1.24"]
[White "Golubov, Saveliy"]
[Black "Vdovin, Maxim"]
[Result "1-0"]
[BlackElo "2139"]
[WhiteElo "2491"]
[LiveChessVersion "1.4.8"]

1. c4 {[%clk 1:30:44]} Nf6 {[%clk 1:30:52]} 2. Nc3 {[%clk 1:31:03]} e6
{[%clk 1:30:20]} 3. e4 {[%clk 1:31:24]} d5 {[%clk 1:30:02]} 4. e5
{[%clk 1:31:34]} d4 {[%clk 1:26:21]} 5. exf6 {[%clk 1:31:49]} dxc3
{[%clk 1:26:45]} 6. bxc3 {[%clk 1:31:59]} Qxf6 {[%clk 1:27:07]} 7. d4
{[%clk 1:32:04]} c5 {[%clk 1:27:00]} 8. Nf3 {[%clk 1:27:50]} Qd8 {[%clk 1:24:07]}
9. a3 {[%clk 1:22:05]} Be7 {[%clk 1:21:33]} 10. Bd3 {[%clk 1:21:21]} Nc6
{[%clk 1:15:44]} 11. Be3 {[%clk 1:19:42]} Qa5 {[%clk 1:12:27]} 12. Bd2
{[%clk 1:11:55]} Bf6 {[%clk 1:05:12]} 13. d5 {[%clk 1:09:41]} Ne5
{[%clk 1:04:28]} 14. Nxe5 {[%clk 1:04:49]} Bxe5 {[%clk 1:04:52]} 15. Qc2
{[%clk 1:03:00]} Qc7 {[%clk 0:43:07]} 16. g3 {[%clk 1:02:37]} h6 {[%clk 0:38:00]}
17. O-O {[%clk 1:01:33]} O-O {[%clk 0:38:25]} 18. Rfe1 {[%clk 0:58:32]} Rd8
{[%clk 0:31:07]} 19. Bh7+ {[%clk 0:56:30]} Kh8 {[%clk 0:31:19]} 20. Be4
{[%clk 0:56:49]} Bd7 {[%clk 0:26:50]} 21. Qd1 {[%clk 0:53:47]} Qd6
{[%clk 0:19:18]} 22. Qh5 {[%clk 0:50:42]} f5 {[%clk 0:19:24]} 23. Bg2
{[%clk 0:43:48]} exd5 {[%clk 0:19:30]} 24. Bxd5 {[%clk 0:42:24]} Kh7
{[%clk 0:15:26]} 25. Bxb7 {[%clk 0:39:44]} Rab8 {[%clk 0:10:10]} 26. Bd5
{[%clk 0:39:45]} Qf6 {[%clk 0:09:56]} 27. Qf3 {[%clk 0:24:03]} Rb2
{[%clk 0:09:25]} 28. Bg5 {[%clk 0:23:23]} Qxg5 {[%clk 0:09:13]} 29. Rxe5
{[%clk 0:23:44]} Re8 {[%clk 0:07:59]} 30. Rxe8 {[%clk 0:22:00]} Bxe8
{[%clk 0:08:24]} 31. h4 {[%clk 0:22:15]} Qf6 {[%clk 0:06:56]} 32. Qe3
{[%clk 0:21:46]} Qf8 {[%clk 0:04:58]} 33. Re1 {[%clk 0:21:36]} Bg6
{[%clk 0:05:07]} 34. Qe7 {[%clk 0:16:43]} Qxe7 {[%clk 0:05:20]} 35. Rxe7
{[%clk 0:17:09]} Rb3 {[%clk 0:05:35]} 36. Rxa7 {[%clk 0:17:20]} Rxc3
{[%clk 0:06:00]} 37. Ra8 {[%clk 0:15:29]} f4 {[%clk 0:04:10]} 38. gxf4
{[%clk 0:12:26]} Bd3 {[%clk 0:04:29]} 39. h5 {[%clk 0:12:24]} g5 {[%clk 0:01:54]}
40. Ra7+ {[%clk 0:41:50]} Kh8 {[%clk 0:32:21]} 41. fxg5 {[%clk 0:42:01]} hxg5
{[%clk 0:32:49]} 42. h6 {[%clk 0:41:11]} Bxc4 {[%clk 0:31:00]} 43. Be4
{[%clk 0:39:29]} Rh3 {[%clk 0:31:13]} 44. Ra8+ {[%clk 0:39:28]} Bg8
{[%clk 0:31:34]} 45. h7 {[%clk 0:39:32]} Rxh7 {[%clk 0:31:59]} 46. Bxh7
{[%clk 0:39:53]} Kxh7 {[%clk 0:32:27]} 47. Rc8 {[%clk 0:40:09]} c4
{[%clk 0:32:53]} 48. a4 {[%clk 0:40:30]} 1-0